[Event "Najdorf Mem Open A 2016"]
[Site "Warsaw POL"]
[Date "2016.07.16"]
[Round "9.5"]
[White "Mista, Aleksander"]
[Black "Areshchenko, Alexander"]
[Result "1/2-1/2"]
[WhiteTitle "GM"]
[BlackTitle "GM"]
[WhiteElo "2584"]
[BlackElo "2654"]
[WhiteFideId "1110381"]
[BlackFideId "14109530"]
[EventDate "2016.07.08"]

1. b3 e5 2. Bb2 Nc6 3. e3 Nf6 4. c4 Be7 5. a3 O-O 6. Qc2 Re8 7. Nc3 Bf8 8. Bd3
g6 9. Nge2 d5 10. cxd5 Nxd5 11. Nxd5 Qxd5 12. Be4 Qc5 13. Qxc5 Bxc5 14. O-O Bd6
15. b4 f5 16. Bxc6 bxc6 17. Rfc1 Bd7 18. Bc3 g5 19. e4 f4 20. f3 c5 21. bxc5
Bxc5+ 22. d4 Bb6 23. Kf1 Bb5 24. d5 c6 25. a4 Bxe2+ 26. Kxe2 cxd5 27. exd5 Rad8
28. a5 Bd4 29. Kd3 Rxd5 30. Ke4 Rd7 31. Rab1 Re6 32. Rb8+ Kg7 33. Bb4 Rf6 34.
Rcc8 Kg6 35. Rg8+ Kh5 36. Rbf8 Rxf8 37. Bxf8 Bg1 38. Kf5 Rf7+ 39. Ke6 Rc7 40.
Kf5 Rf7+ 41. Kxe5 Bxh2 42. Bc5 Rb7 43. Kf6 h6 44. Rc8 Rb2 45. Bxa7 Rxg2 46. a6
Ra2 47. Rc6 g4 48. Bd4 gxf3 49. a7 Bg3 50. Rc2 Ra6+ 51. Kf5 Ra5+ 52. Ke4 f2 53.
Bxf2 Bxf2 54. Rxf2 Rxa7 55. Kxf4 1/2-1/2

[Event "Najdorf Mem Open A 2016"]
[Site "Warsaw POL"]
[Date "2016.07.16"]
[Round "9.6"]
[White "Zhigalko, Sergei"]
[Black "Socko, Bartosz"]
[Result "1-0"]
[WhiteTitle "GM"]
[BlackTitle "GM"]
[WhiteElo "2653"]
[BlackElo "2599"]
[WhiteFideId "13502956"]
[BlackFideId "1107038"]
[EventDate "2016.07.08"]

1. e4 c5 2. Nf3 d6 3. d4 cxd4 4. Nxd4 Nf6 5. Nc3 g6 6. Be3 Bg7 7. f3 O-O 8. Qd2
Nc6 9. Bc4 Nxd4 10. Bxd4 Be6 11. Bxe6 fxe6 12. O-O-O Qa5 13. Rhe1 Nd7 14. Bxg7
Kxg7 15. e5 Nxe5 16. f4 Nc6 17. Rxe6 Qf5 18. Re4 Rad8 19. g3 e5 20. Qe3 exf4 21.
Rxf4 Qc5 22. Qd2 Rxf4 23. Qxf4 Qe5 24. Qd2 Rd7 25. Nd5 Qf5 26. Nf4 Qa5 27. Ne6+
Kf6 28. Qxa5 Nxa5 29. Nc5 Rf7 30. Rxd6+ Ke5 31. Rd1 Rf3 32. b3 h5 33. Nd3+ Kf5
34. Nf4 Nc6 35. Rd5+ Ke4 36. Rd7 Rf2 37. Rxb7 Rxh2 38. Nxg6 Nd4 39. Rc7 Ne2+ 40.
Kb2 Nxg3 41. Rxa7 Nf5 42. Rc7 h4 43. Rc4+ Ke3 44. a4 h3 45. Nf4 Kf3 46. Nxh3
Rxh3 47. a5 Ne3 48. Rc8 Rh6 49. b4 Ke4 50. Re8+ Kd4 51. c3+ Kd3 52. Kb3 Nd5 53.
c4 Nc7 54. Rd8+ Ke4 55. b5 Rh1 56. a6 Ra1 57. Kc3 Ke5 58. Rd2 Ke6 59. Kb4 Ke7
60. Kc5 Ra4 61. a7 Na8 62. b6 Ra6 63. b7 Rxa7 64. b8=Q 1-0

[Event "Najdorf Mem Open A 2016"]
[Site "Warsaw POL"]
[Date "2016.07.16"]
[Round "9.7"]
[White "Bartel, Mateusz"]
[Black "Sengupta, Deep"]
[Result "1/2-1/2"]
[WhiteTitle "GM"]
[BlackTitle "GM"]
[WhiteElo "2649"]
[BlackElo "2551"]
[WhiteFideId "1112635"]
[BlackFideId "5008352"]
[EventDate "2016.07.08"]

1. Nf3 d5 2. c4 d4 3. b4 g5 4. h3 h6 5. Bb2 Bg7 6. e4 e5 7. c5 Ne7 8. Na3 Ng6 9.
h4 gxh4 10. Qa4+ Bd7 11. b5 O-O 12. Rc1 f5 13. c6 bxc6 14. bxc6 Bc8 15. Bd3 Qf6
16. Rc5 a5 17. Nc4 Na6 18. Rxe5 Nb4 19. Bb1 h3 20. Bxd4 Nxe5 21. Ncxe5 Qd6 22.
O-O fxe4 23. Bxe4 Rxf3 24. Nxf3 Bxd4 25. Nxd4 Qxd4 26. Qb3+ Kh8 27. Qf7 Qxe4 28.
Qf8+ Kh7 29. Qf7+ 1/2-1/2

[Event "Najdorf Mem Open A 2016"]
[Site "Warsaw POL"]
[Date "2016.07.16"]
[Round "9.8"]
[White "Gupta, Abhijeet"]
[Black "Smirnov, Anton"]
[Result "1-0"]
[WhiteTitle "GM"]
[BlackTitle "IM"]
[WhiteElo "2630"]
[BlackElo "2478"]
[WhiteFideId "5010608"]
[BlackFideId "3208923"]
[EventDate "2016.07.08"]

1. d4 d5 2. Bf4 Nf6 3. e3 c5 4. Nf3 e6 5. c3 Nc6 6. Nbd2 Bd6 7. Bg3 O-O 8. Bb5
a6 9. Bxc6 bxc6 10. Qa4 Rb8 11. Bxd6 Qxd6 12. Qa3 Qc7 13. O-O Rb5 14. Rfc1 Ra5
15. Qb3 Rb5 16. Qc2 a5 17. b3 Rb8 18. h3 Ba6 19. dxc5 Qa7 20. c4 Qxc5 21. cxd5
Qxc2 22. Rxc2 cxd5 23. Rc5 Rb5 24. Rac1 Ra8 25. Ne5 Ne8 26. Ndf3 Rxc5 27. Rxc5
Bb7 28. a4 Kf8 29. Rb5 Nd6 30. Rb6 Ke7 31. Nxf7 Ra6 32. Rxa6 Bxa6 33. N7e5 Nb7
34. Nd4 Kd6 35. f4 Nc5 36. Kf2 Ne4+ 37. Ke1 Nc3 38. g4 Na2 39. Nf7+ Kc5 40. Nd8
Kb4 41. Kd2 1-0

[Event "Najdorf Mem Open A 2016"]
[Site "Warsaw POL"]
[Date "2016.07.16"]
[Round "9.9"]
[White "Nasuta, Grzegorz"]
[Black "Khairullin, Ildar"]
[Result "0-1"]
[WhiteTitle "IM"]
[BlackTitle "GM"]
[WhiteElo "2417"]
[BlackElo "2629"]
[WhiteFideId "1141686"]
[BlackFideId "4151348"]
[EventDate "2016.07.08"]

1. e4 e5 2. Nf3 Nc6 3. Bb5 a6 4. Ba4 Nf6 5. O-O Be7 6. Re1 b5 7. Bb3 d6 8. c3
O-O 9. h3 Bb7 10. d4 Nd7 11. Nbd2 exd4 12. cxd4 Bf6 13. Nf1 Na5 14. Bc2 Re8 15.
Bf4 Nf8 16. e5 dxe5 17. dxe5 Qxd1 18. Raxd1 Be7 19. Ne3 Ne6 20. Bg3 Rad8 21.
Rxd8 Rxd8 22. Rd1 Rxd1+ 23. Bxd1 Bc5 24. Nd2 Nc6 25. Nb3 Bxe3 26. fxe3 Nb4 27.
Nc1 Nc5 28. a3 Nbd3 29. Nxd3 Nxd3 30. b4 c5 31. Bc2 c4 32. Bxd3 cxd3 33. Be1 Be4
34. Kf2 Kf8 35. Bc3 Ke7 36. g3 Ke6 37. Ke1 g6 38. Kd2 Kd5 39. Kc1 Bf5 40. h4 h5
41. Bd4 Kc4 42. Kd2 Kb3 43. e4 Bxe4 44. Be3 Kxa3 45. Kc3 a5 46. Bc1+ Ka4 47.
bxa5 Kxa5 48. Be3 Ka4 49. Bc1 Bf5 50. Kd4 Kb3 51. Bd2 b4 52. Ke3 Ka3 53. Bc1+
Ka2 54. Kd4 b3 0-1

[Event "Najdorf Mem Open A 2016"]
[Site "Warsaw POL"]
[Date "2016.07.16"]
[Round "9.10"]
[White "Neiksans, Arturs"]
[Black "Lalith, Babu M R"]
[Result "1/2-1/2"]
[WhiteTitle "GM"]
[BlackTitle "GM"]
[WhiteElo "2614"]
[BlackElo "2565"]
[WhiteFideId "11601388"]
[BlackFideId "5024595"]
[EventDate "2016.07.08"]

1. e4 e5 2. Nf3 Nc6 3. Bc4 Bc5 4. O-O Nf6 5. d3 d6 6. c3 a6 7. a4 Ba7 8. Na3 O-O
9. Bg5 h6 10. Bh4 g5 11. Bg3 Bg4 12. Re1 Nh5 13. h3 Bxf3 14. Qxf3 Nxg3 15. Qxg3
Qf6 16. Re2 Ne7 17. Nc2 Kg7 18. Rd1 Qf4 19. Qxf4 exf4 20. d4 Ng6 21. Ne1 Rae8
22. Nf3 f5 23. exf5 Rxe2 24. Bxe2 Rxf5 25. Bd3 Rf7 26. Be4 c6 27. d5 c5 28. Bxg6
Kxg6 29. Re1 c4 30. a5 Rf5 31. Re6+ Rf6 32. Re7 Rf5 33. Rxb7 Bc5 34. b4 cxb3 35.
c4 Rf7 36. Rxb3 Re7 37. Kf1 Ba7 38. Nd2 Kf5 39. Rb1 Bd4 40. f3 Ba7 41. Ne4 Ke5
42. Rb4 Rc7 43. Ke2 Bc5 44. Rb8 Kd4 45. Rh8 Kxc4 46. Rxh6 Kxd5 47. Kd3 Bb4 48.
Rg6 Rc1 49. Rxg5+ Ke6 50. Rg6+ Ke5 51. Rg8 d5 52. Re8+ Kf5 53. g4+ fxg3 54.
Nxg3+ Kf6 55. Nh5+ Kf5 56. f4 Rd1+ 57. Kc2 Rd2+ 58. Kb3 Bxa5 59. Re5+ Kg6 60.
Rg5+ Kf7 61. Rg7+ Kf8 62. Ra7 Rd3+ 63. Ka4 Bc3 64. Rxa6 Rxh3 65. Nf6 1/2-1/2

[Event "Najdorf Mem Open A 2016"]
[Site "Warsaw POL"]
[Date "2016.07.16"]
[Round "9.12"]
[White "Kovalenko, Igor"]
[Black "Jumabayev, Rinat"]
[Result "1/2-1/2"]
[WhiteTitle "GM"]
[BlackTitle "GM"]
[WhiteElo "2667"]
[BlackElo "2613"]
[WhiteFideId "14117908"]
[BlackFideId "13702661"]
[EventDate "2016.07.08"]

1. c4 Nf6 2. Nc3 e6 3. e4 d5 4. e5 d4 5. exf6 dxc3 6. bxc3 Qxf6 7. d4 e5 8. Nf3
Nc6 9. Bg5 Qg6 10. d5 Nb8 11. h4 h6 12. Qe2 hxg5 13. Nxe5 Qh5 14. g4 Bxg4 15.
Nxg4+ Kd8 16. Ne5 Qxe2+ 17. Kxe2 Rxh4 18. Rxh4 gxh4 19. Bh3 Bd6 20. Nxf7+ Ke7
21. Nxd6 cxd6 22. Rg1 Kf6 23. c5 Na6 24. c6 Re8+ 25. Kd3 Re5 26. Kd4 bxc6 27.
dxc6 Rc5 28. Rg4 Nc7 29. Kd3 Rxc6 30. Rxh4 Nd5 31. Bg2 Rc5 32. Ra4 Ke5 33. Bxd5
Rxd5+ 34. Ke3 a5 35. Rh4 Ke6 36. a4 g5 37. Rh8 Re5+ 38. Kd3 1/2-1/2

[Event "Najdorf Mem Open A 2016"]
[Site "Warsaw POL"]
[Date "2016.07.16"]
[Round "9.13"]
[White "Donchenko, Alexander"]
[Black "Lysyj, Igor"]
[Result "1/2-1/2"]
[WhiteTitle "GM"]
[BlackTitle "GM"]
[WhiteElo "2583"]
[BlackElo "2663"]
[WhiteFideId "24603295"]
[BlackFideId "4150120"]
[EventDate "2016.07.08"]

1. d4 Nf6 2. c4 e6 3. g3 d5 4. Bg2 Be7 5. Nf3 O-O 6. O-O dxc4 7. Qc2 a6 8. a4 c5
9. dxc5 Bxc5 10. Nbd2 b5 11. axb5 Bb7 12. bxa6 Nxa6 13. Qxc4 Bd5 14. Qh4 Be7 15.
Qf4 Bd6 16. Qh4 Be7 17. Qf4 Bd6 18. Qh4 1/2-1/2

[Event "Najdorf Mem Open A 2016"]
[Site "Warsaw POL"]
[Date "2016.07.16"]
[Round "9.14"]
[White "Ivanisevic, Ivan"]
[Black "Warakomski, Tomasz"]
[Result "1-0"]
[WhiteTitle "GM"]
[BlackTitle "IM"]
[WhiteElo "2656"]
[BlackElo "2492"]
[WhiteFideId "912417"]
[BlackFideId "1124552"]
[EventDate "2016.07.08"]

1. d4 g6 2. e4 Bg7 3. Nc3 c6 4. f4 d5 5. e5 h5 6. Nf3 Bg4 7. h3 Bxf3 8. Qxf3 e6
9. Be3 h4 10. Bd3 Ne7 11. O-O Nf5 12. Bf2 Nd7 13. Ne2 Rc8 14. Rfd1 Bf8 15. b3
Ba3 16. Rab1 a5 17. c4 Qe7 18. Rd2 Kf8 19. Rc2 Kg7 20. Kh2 Nb6 21. Nc3 Bb4 22.
cxd5 cxd5 23. Nb5 Rxc2 24. Bxc2 Rc8 25. Bd3 Bd2 26. Rd1 Bc1 27. Be1 a4 28. Ba5
axb3 29. axb3 Nd7 30. Bxf5 gxf5 31. Nd6 Rc2 32. Bb4 Qd8 33. Kh1 Nf8 34. Nxb7 Qb6
35. Be7 Ng6 36. Bf6+ Kg8 37. Nd6 Qa7 38. Bg5 Ba3 39. Ne8 Rc1 40. Nf6+ Kf8 41.
Rxc1 Bxc1 42. Qc3 1-0

[Event "Najdorf Mem Open A 2016"]
[Site "Warsaw POL"]
[Date "2016.07.16"]
[Round "9.15"]
[White "Rozentalis, Eduardas"]
[Black "Jones, Gawain C B"]
[Result "1-0"]
[WhiteTitle "GM"]
[BlackTitle "GM"]
[WhiteElo "2552"]
[BlackElo "2650"]
[WhiteFideId "12800023"]
[BlackFideId "409561"]
[EventDate "2016.07.08"]

1. e4 c5 2. Nf3 Nc6 3. Bb5 d6 4. Bxc6+ bxc6 5. O-O Bg4 6. h3 Bh5 7. d3 Nf6 8.
Re1 e5 9. Nbd2 Be7 10. Nf1 Nd7 11. Ng3 Bg6 12. c3 Rb8 13. d4 exd4 14. cxd4 O-O
15. b3 Re8 16. Bf4 Rb4 17. Rc1 Bf8 18. Be3 Qc7 19. Bd2 Rbb8 20. Bc3 Nf6 21. dxc5
Nxe4 22. Nxe4 Bxe4 23. cxd6 Bxd6 24. Nd2 Bd5 25. Qg4 f5 26. Qd4 Bh2+ 27. Kh1 Bf4
28. Rcd1 Rbd8 29. Qa4 Qd6 30. Rxe8+ Rxe8 31. Nf3 Qb8 32. Rxd5 cxd5 33. Qd7 d4
34. Bxd4 Bh6 35. Qd5+ Kh8 36. Ne5 Rxe5 37. Bxe5 Qc8 38. Kh2 f4 39. Qf7 a6 40. b4
f3 41. g4 Qg8 42. Qxg8+ Kxg8 43. a4 Kf7 44. Kg3 Ke6 45. Bf4 g5 46. Bd2 Kd5 47.
Kxf3 Bf8 48. b5 axb5 49. axb5 Kc5 50. Bxg5 Kxb5 51. Ke4 Kc6 52. Kf5 Kd7 53. Bf6
Ke8 54. Ke6 Bc5 55. f4 Kf8 56. f5 Bb4 57. Be5 Kg8 58. Bd6 1-0

[Event "Najdorf Mem Open A 2016"]
[Site "Warsaw POL"]
[Date "2016.07.16"]
[Round "9.16"]
[White "Svane, Rasmus"]
[Black "Dragun, Kamil"]
[Result "1/2-1/2"]
[WhiteTitle "IM"]
[BlackTitle "GM"]
[WhiteElo "2549"]
[BlackElo "2623"]
[WhiteFideId "4657101"]
[BlackFideId "1134167"]
[EventDate "2016.07.08"]

1. Nf3 Nf6 2. c4 e6 3. Nc3 d5 4. d4 Bb4 5. cxd5 exd5 6. Bg5 Nbd7 7. e3 h6 8. Bh4
g5 9. Bg3 Ne4 10. Nd2 Nxg3 11. hxg3 Nb6 12. a3 Bd6 13. Qc2 Be6 14. e4 dxe4 15.
Ndxe4 c6 16. O-O-O Qe7 17. Be2 Bc7 18. Nc5 O-O-O 19. Rhe1 h5 20. Nxe6 fxe6 21.
Ne4 Kb8 22. Qc5 Qh7 23. Nxg5 Qh6 24. f4 h4 25. gxh4 Rd5 26. Qc2 Bxf4+ 27. Kb1
Bxg5 28. hxg5 Qxg5 29. Bf3 Rd6 30. Qc5 Qd8 31. Re4 Qd7 32. Rde1 Rd8 33. Bg4 Qg7
34. Qe5 Qg6 35. Bxe6 Qxg2 36. Bb3 Qg6 37. Ka2 Qh7 38. Rg1 Qc7 39. Rg7 R6d7 40.
Rxd7 Nxd7 41. Qg7 Nb6 42. Re7 Rd7 43. Qg8+ Rd8 44. Rxc7 Rxg8 45. Rxb7+ Kxb7 46.
Bxg8 a5 47. Kb3 Kc7 48. Kc3 Na4+ 49. Kc2 Kd6 50. b3 Nb6 51. Kc3 c5 52. Bf7 Kc6
53. Be8+ Kd5 54. Bf7+ Kc6 55. Be6 Kd6 56. Bg8 Kc6 57. Be6 Kd6 58. Bg4 Nd5+ 59.
Kd3 Nc7 60. Kc4 cxd4 61. Be2 Kc6 62. Kxd4 Ne6+ 63. Kc4 Nc5 64. Bg4 Kb6 65. Bf5
Kc6 66. Bg6 Kb6 67. Bf7 Ne4 68. Kd4 Nd6 69. Bc4 Nf5+ 70. Ke4 Ne7 71. Kd4 Nf5+
72. Ke5 Ne3 73. Bd3 Kc5 74. Ke4 Nd5 75. Bc4 Nc3+ 76. Kd3 Nb1 77. b4+ axb4 1/2-1/2

[Event "Najdorf Mem Open A 2016"]
[Site "Warsaw POL"]
[Date "2016.07.16"]
[Round "9.17"]
[White "Dastan, Muhammed Batuhan"]
[Black "Oleksiyenko, Mykhaylo"]
[Result "0-1"]
[WhiteTitle "IM"]
[BlackTitle "GM"]
[WhiteElo "2480"]
[BlackElo "2615"]
[WhiteFideId "6300014"]
[BlackFideId "4152417"]
[EventDate "2016.07.08"]

1. e4 c5 2. Nf3 e6 3. d4 cxd4 4. Nxd4 a6 5. Nc3 b5 6. Bd3 Qb6 7. Nf3 Qc7 8. O-O
Bb7 9. Re1 Be7 10. e5 f5 11. Nh4 g6 12. Nf3 Nc6 13. a4 b4 14. Nb1 Nd8 15. Nbd2
Nf7 16. Nc4 Bc5 17. Ng5 Ngh6 18. Nxf7 Nxf7 19. Bf1 O-O 20. b3 Bd5 21. Bb2 f4 22.
Bd4 f3 23. g3 Qa7 24. Bxc5 Qxc5 25. Qd3 Rfc8 26. Qe3 Bxc4 27. Bxc4 Qxe3 28. Rxe3
Rc5 29. Rae1 a5 30. g4 g5 31. h3 h5 32. gxh5 Kg7 33. Bd3 Rac8 34. Kh2 Kh6 35.
Kg3 Kxh5 36. Kxf3 Rd5 37. Bc4 Rd4 38. Re4 Rd2 39. Bd3 Rc3 40. R1e3 Nh6 41. Re2
Rxe2 42. Kxe2 Nf7 43. Ke3 Rc5 44. f4 gxf4+ 45. Kxf4 Kh4 46. Bc4 Ng5 47. Re2
Nxh3+ 48. Ke4 Ng5+ 49. Kd4 Rc7 50. Rg2 Nf3+ 51. Ke4 Ng5+ 52. Ke3 Rc8 53. Rd2 Rc5
54. Rxd7 Rxe5+ 55. Kd3 Kg3 56. c3 bxc3 57. Kxc3 Kf4 58. b4 Re3+ 59. Rd3 Ne4+ 60.
Kd4 e5+ 61. Kd5 Nc3+ 62. Rxc3 Rxc3 63. b5 Ra3 64. b6 Rxa4 65. Kc5 Rb4 66. Bb5
Rd4 67. Bc6 Rd8 68. Kb5 e4 69. Kxa5 e3 70. Bb5 Ra8+ 71. Kb4 Ke5 72. Bf1 Ra1 73.
Bb5 Kd6 74. Kc3 Ra2 75. Kd4 0-1

[Event "Najdorf Mem Open A 2016"]
[Site "Warsaw POL"]
[Date "2016.07.16"]
[Round "9.18"]
[White "Bilguun, Sumiya"]
[Black "Krasenkow, Michal"]
[Result "0-1"]
[WhiteTitle "FM"]
[BlackTitle "GM"]
[WhiteElo "2419"]
[BlackElo "2614"]
[WhiteFideId "4901541"]
[BlackFideId "1113100"]
[EventDate "2016.07.08"]

1. e4 d6 2. d4 Nf6 3. Nc3 c6 4. Nf3 Bg4 5. h3 Bh5 6. Bd3 e6 7. Be3 Be7 8. g4 Bg6
9. Nd2 d5 10. e5 Nfd7 11. f4 Bxd3 12. cxd3 Qb6 13. Qc2 Na6 14. a3 g5 15. fxg5
Nxe5 16. O-O-O Nd7 17. Nb3 Nc7 18. Na4 Qb5 19. Nac5 Nxc5 20. dxc5 e5 21. Rhf1 d4
22. Bd2 a5 23. Kb1 a4 24. Nc1 Bxc5 25. Rde1 Bxa3 26. Rxe5+ Qxe5 27. Re1 Qxe1 28.
Bxe1 Be7 29. Qe2 Ne6 30. h4 O-O 31. Bf2 Rfd8 32. Qe4 Rd5 33. Ne2 a3 34. Bxd4 Ra4
35. bxa3 Bxa3 36. h5 Nxd4 37. Qe8+ Bf8 38. Nxd4 Raxd4 39. g6 hxg6 40. hxg6 fxg6
41. Qxg6+ Bg7 42. g5 Re5 43. Kc2 Rg4 0-1

[Event "Najdorf Mem Open A 2016"]
[Site "Warsaw POL"]
[Date "2016.07.16"]
[Round "9.20"]
[White "Baskin, Robert"]
[Black "Macieja, Bartlomiej"]
[Result "1/2-1/2"]
[WhiteTitle "FM"]
[BlackTitle "GM"]
[WhiteElo "2375"]
[BlackElo "2557"]
[WhiteFideId "24662402"]
[BlackFideId "1104306"]
[EventDate "2016.07.08"]

1. e4 c5 2. Nf3 Nc6 3. d4 cxd4 4. Nxd4 e6 5. Nc3 Qc7 6. Be2 a6 7. O-O Nf6 8. Be3
Be7 9. f4 d6 10. Kh1 O-O 11. Qe1 Nxd4 12. Bxd4 b5 13. a3 Bb7 14. Qg3 Rad8 15.
Rae1 Rd7 16. Bd3 1/2-1/2

[Event "Najdorf Mem Open A 2016"]
[Site "Warsaw POL"]
[Date "2016.07.16"]
[Round "9.21"]
[White "Menezes, Christoph"]
[Black "Sadzikowski, Daniel"]
[Result "1/2-1/2"]
[WhiteTitle "IM"]
[BlackTitle "IM"]
[WhiteElo "2398"]
[BlackElo "2551"]
[WhiteFideId "1617001"]
[BlackFideId "1132253"]
[EventDate "2016.07.08"]

1. Nf3 c5 2. c4 Nc6 3. Nc3 e5 4. e3 Nf6 5. d4 e4 6. d5 exf3 7. dxc6 fxg2 8.
cxd7+ Qxd7 9. Qxd7+ Bxd7 10. Bxg2 O-O-O 11. b3 Bd6 12. Bb2 Be5 13. O-O-O Bg4 14.
f3 Bh5 15. Nd5 Bxb2+ 16. Kxb2 Nxd5 17. Rxd5 Rxd5 18. cxd5 Kd7 19. e4 Kd6 20. f4
f6 21. h4 Re8 22. Kc3 h6 23. Kd3 Re7 24. Rg1 Bg4 25. Ke3 Bf5 26. Kd3 Bg4 27. a3
b6 28. Ke3 Bf5 29. Bf3 Bh7 30. h5 a5 31. Kd3 Ra7 32. a4 Re7 33. Re1 Bg8 34. Re2
Bh7 35. Kc4 g5 36. hxg6 Bxg6 37. Kb5 h5 38. Kxb6 h4 39. Kxa5 h3 40. Kb6 h2 41.
a5 Bh5 42. e5+ fxe5 43. fxe5+ Rxe5 44. Rxe5 Bxf3 45. Re6+ Kxd5 46. Rh6 h1=Q 47.
Rxh1 Bxh1 48. a6 Kd6 49. a7 Bc6 50. Ka6 Kc7 51. Ka5 Kb7 52. a8=Q+ 1/2-1/2

[Event "Najdorf Mem Open A 2016"]
[Site "Warsaw POL"]
[Date "2016.07.16"]
[Round "9.22"]
[White "Nakar, Eylon"]
[Black "Abdumalik, Zhansaya"]
[Result "1/2-1/2"]
[WhiteTitle "IM"]
[BlackTitle "WGM"]
[WhiteElo "2494"]
[BlackElo "2382"]
[WhiteFideId "2811111"]
[BlackFideId "13703544"]
[EventDate "2016.07.08"]

1. d4 Nf6 2. c4 g6 3. Nc3 d5 4. Bg5 Bg7 5. Bxf6 Bxf6 6. cxd5 c5 7. Nf3 Qb6 8. e3
cxd4 9. Bb5+ Nd7 10. Nxd4 a6 11. Bxd7+ Bxd7 12. O-O Qxb2 13. Ne4 Bg7 14. Nc5 Bb5
15. Rb1 Qa3 16. Qc1 Qxc1 17. Rfxc1 Bxd4 18. exd4 b6 19. a4 bxc5 20. axb5 cxd4
21. b6 Kd7 22. b7 Rab8 23. Rb6 Rhd8 24. Kf1 Ke8 25. Rc5 Rd7 26. Rc8+ Rd8 27. Rc5
Rd7 28. Rc8+ 1/2-1/2

[Event "Najdorf Mem Open A 2016"]
[Site "Warsaw POL"]
[Date "2016.07.16"]
[Round "9.23"]
[White "Aryan, Chopra"]
[Black "Lokander, Martin"]
[Result "1-0"]
[WhiteTitle "IM"]
[BlackTitle "FM"]
[WhiteElo "2483"]
[BlackElo "2359"]
[WhiteFideId "5084423"]
[BlackFideId "1709569"]
[EventDate "2016.07.08"]

1. e4 c6 2. d4 d5 3. Nd2 dxe4 4. Nxe4 Bf5 5. Ng3 Bg6 6. h4 h6 7. Nf3 Nd7 8. h5
Bh7 9. Bd3 Bxd3 10. Qxd3 e6 11. Bd2 Ngf6 12. O-O-O Bd6 13. Ne4 Nxe4 14. Qxe4 Nf6
15. Qe2 Bc7 16. Rde1 b5 17. Kb1 Qd5 18. g4 Nxg4 19. Rhg1 Nf6 20. Rxg7 Nxh5 21.
Rxf7 Kxf7 22. Ne5+ Bxe5 23. Qxh5+ Ke7 24. Rxe5 Qd6 25. a3 a5 26. f4 Kd7 27. f5
Kc7 28. Bf4 Kc8 29. fxe6 Ra7 30. Qf5 Qe7 31. d5 Rf8 32. d6 Qb7 33. Qxf8# 1-0

[Event "Najdorf Mem Open A 2016"]
[Site "Warsaw POL"]
[Date "2016.07.16"]
[Round "9.25"]
[White "Meskovs, Nikita"]
[Black "Barski, Radoslaw"]
[Result "1-0"]
[WhiteTitle "IM"]
[WhiteElo "2469"]
[BlackElo "2346"]
[WhiteFideId "11602740"]
[BlackFideId "1131710"]
[EventDate "2016.07.08"]

1. d4 Nf6 2. c4 e6 3. Nc3 Bb4 4. e3 O-O 5. Ne2 Re8 6. a3 Bf8 7. g3 d5 8. cxd5
exd5 9. Bg2 a5 10. O-O Na6 11. Nf4 c6 12. f3 b5 13. Qc2 Bb7 14. Nd3 Qb6 15. g4
c5 16. Qf2 cxd4 17. exd4 b4 18. Ne2 Rac8 19. Nef4 h6 20. h4 b3 21. g5 hxg5 22.
hxg5 Nh7 23. Nh3 Rc2 24. Bd2 Qb5 25. Nhf4 Nxg5 26. Rae1 Rec8 27. Re2 Nc7 28.
Rfe1 Nce6 29. Qh4 Nxf4 30. Nxf4 f6 31. Ng6 Nf7 32. Bh3 Qd3 33. Qh5 Nh6 34. Be6+
Kh7 35. Nxf8+ Rxf8 36. Bxh6 Qg6+ 37. Qxg6+ Kxg6 38. Bd2 Rxb2 39. Rg2+ Kh7 40.
Bf5+ Kg8 41. Re7 1-0

[Event "Najdorf Mem Open A 2016"]
[Site "Warsaw POL"]
[Date "2016.07.16"]
[Round "9.26"]
[White "Fakhrutdinov, Timur"]
[Black "Socko, Monika"]
[Result "1/2-1/2"]
[WhiteTitle "FM"]
[BlackTitle "GM"]
[WhiteElo "2350"]
[BlackElo "2462"]
[WhiteFideId "24176702"]
[BlackFideId "1106619"]
[EventDate "2016.07.08"]

1. e4 c5 2. Nf3 Nc6 3. d4 cxd4 4. Nxd4 g6 5. Nc3 Bg7 6. Be3 Nf6 7. Bc4 O-O 8.
Bb3 d6 9. f3 Nxd4 10. Bxd4 Be6 11. Qd2 Qa5 12. h4 Bxb3 13. cxb3 Rac8 14. a3 Rfd8
15. h5 e6 16. hxg6 fxg6 17. b4 Qc7 18. O-O b6 19. Rac1 Qf7 20. Ne2 e5 21. Rxc8
Rxc8 22. Be3 d5 23. exd5 Nxd5 24. Bg5 Nf4 25. Nxf4 exf4 26. Bxf4 Bxb2 27. Qxb2
Qxf4 28. Re1 Qf7 29. Qe5 Rd8 30. Kh2 Rf8 31. Re4 Rd8 32. Rf4 Qd7 33. Re4 Qf7 34.
Rf4 Qd7 35. Rc4 Re8 36. Rc7 Rxe5 37. Rxd7 a5 38. bxa5 Rxa5 39. Rd3 Kf7 1/2-1/2

[Event "Najdorf Mem Open A 2016"]
[Site "Warsaw POL"]
[Date "2016.07.16"]
[Round "9.27"]
[White "Warakomska, Anna"]
[Black "Feuerstack, Aljoscha"]
[Result "1/2-1/2"]
[WhiteTitle "WIM"]
[BlackTitle "IM"]
[WhiteElo "2321"]
[BlackElo "2454"]
[WhiteFideId "1130790"]
[BlackFideId "4681932"]
[EventDate "2016.07.08"]

1. e4 c6 2. d4 d5 3. e5 Bf5 4. Nf3 e6 5. Be2 Bb4+ 6. c3 Ba5 7. Nbd2 Nd7 8. Nb3
Bc7 9. Bg5 f6 10. exf6 Ngxf6 11. O-O O-O 12. Bh4 Qb8 13. Bg3 Nh5 14. Nh4 Nf4 15.
Nxf5 exf5 16. Bxf4 Bxf4 17. g3 Bd6 18. Bd3 Qc7 19. Qh5 g6 20. Qh4 Nf6 21. Rae1
Qf7 22. f3 Rae8 23. Qg5 f4 24. Qh4 Re7 25. g4 Rfe8 26. Rxe7 Qxe7 27. Qf2 Kg7 28.
Rd1 Qd7 29. Kf1 Re3 30. Rd2 h5 31. h3 hxg4 32. hxg4 Nh7 33. Be2 Ng5 34. Rd3 Re8
35. Ke1 Qe7 36. Kd1 Nh3 37. Qe1 Qg5 38. Kc2 Qe7 39. Nc1 c5 40. dxc5 Bxc5 41.
Rxd5 Ng1 42. Qd2 Nxe2 1/2-1/2

[Event "Najdorf Mem Open A 2016"]
[Site "Warsaw POL"]
[Date "2016.07.16"]
[Round "9.29"]
[White "Kanarek, Marcel"]
[Black "Percivaldi, Martin"]
[Result "1-0"]
[WhiteTitle "IM"]
[BlackTitle "FM"]
[WhiteElo "2548"]
[BlackElo "2347"]
[WhiteFideId "1126822"]
[BlackFideId "1508148"]
[EventDate "2016.07.08"]

1. e4 e6 2. d4 d5 3. Nc3 Nf6 4. Bg5 dxe4 5. Nxe4 Be7 6. Bxf6 gxf6 7. Nf3 f5 8.
Nc3 a6 9. g3 b5 10. Bg2 Bb7 11. O-O c5 12. Re1 cxd4 13. Qxd4 Qxd4 14. Nxd4 Bxg2
15. Kxg2 Ra7 16. Rad1 O-O 17. h3 Rc8 18. Nce2 Nc6 19. Nxc6 Rxc6 20. c3 Rb7 21.
Nd4 Rc4 22. Nb3 Rbc7 23. a3 R4c6 24. f4 h5 25. Kf3 Bf6 26. Na5 Rb6 27. Rd3 Kf8
28. Red1 Ke8 29. Ke2 Be7 30. b4 Rb8 31. Rc1 Rbc8 32. c4 bxc4 33. Rdc3 Bf6 34.
Rxc4 Rxc4 35. Rxc4 Rxc4 36. Nxc4 Bd4 37. Ne5 Bb6 38. Nc6 Bc7 39. a4 f6 40. Nd4
Kd7 41. a5 Bb8 42. b5 axb5 43. a6 b4 44. Kd3 e5 45. fxe5 fxe5 46. Nxf5 Kc6 47.
Kc4 b3 48. Kxb3 Kb5 49. Kc3 Kxa6 50. Kd3 Kb5 51. Ke4 Kc6 52. Ng7 Kd6 53. Nxh5
Ke6 54. Ng7+ Kf6 55. Nf5 Ba7 56. Ne3 Bd4 57. Ng4+ Ke6 58. Nh2 Bf2 59. g4 Bg3 60.
Nf3 Kf6 61. Ke3 Kg6 62. Kd3 Kf6 63. Ke4 Ke6 64. g5 Bf4 65. h4 Bc1 66. Nxe5 Bb2
67. Nd3 Ba1 68. Nf4+ Kf7 69. Kf5 Bb2 70. h5 Bc3 71. Nd3 Kg7 72. Ne5 Bb2 73. Ng4
Kh8 74. Kg6 Bc1 75. Ne5 Bb2 76. Nf7+ Kg8 77. h6 Bg7 78. h7+ 1-0